000 00476nam a2200205Ia 4500
005 20240823051003.0
008 240823s9999||||xx |||||||||||||| ||und||
020 _a0-7619-9606-0
041 _aENGLISH
082 _A658.88 P8
100 _aVijaya Bhaskar P
245 0 _aDerivatives Simplified
250 _a1st
260 _c2008
_b"Response Books,New "
500 _aYES
650 _aGeneral
_bGeneral
700 _a Mahapatra B
942 _cBK
999 _c218517
_d218517